000 00461nam a2200193Ia 4500
008 240510s9999 xx 000 0 und d
020 _a0001575210398
041 _aEng
082 _a005.117
082 _bD21
100 _aDECEMBER J.
245 0 _aPRESENTING JAVA : AN INTRODUCTION TO JAVA AND HOT JAVA
260 _bINDIANA : SAMS
260 _c1995
300 _a207 p.
650 _aJAVA : PROGRAMMING LANGUAGES
942 _2ddc
942 _cLBK
999 _c26570
_d26570
945 _a1
_bMadushi Gamage
_c1
_dMadushi Gamage